An Electrophysiological study of laticifers of Hevea brasiliensis. The effect of glucose and sucrose (Record no. 54123)

MARC details
000 -LEADER
fixed length control field 00485nam a2200157Ia 4500
100 ## - MAIN ENTRY--AUTHOR NAME
Personal name Monestier M
245 #3 - TITLE STATEMENT
Title An Electrophysiological study of laticifers of Hevea brasiliensis. The effect of glucose and sucrose
260 ## - PUBLICATION, DISTRIBUTION, ETC. (IMPRINT)
Name of publisher Revue Generale des Caoutchoucs et Plastiques
Year of publication 1989
300 ## - PHYSICAL DESCRIPTION
Number of Pages 685-772
500 ## - GENERAL NOTE
General note Source Year: 1992
650 ## - SUBJECT ADDED ENTRY--TOPICAL TERM
Topical Term Hevea brasiliensis
650 ## - SUBJECT ADDED ENTRY--TOPICAL TERM
Topical Term Laticifer
856 ## - ELECTRONIC LOCATION AND ACCESS
Uniform Resource Identifier HOA
942 ## - ADDED ENTRY ELEMENTS (KOHA)
Koha item type Journals
Holdings
Withdrawn status Lost status Damaged status Not for loan Home library Current library Shelving location Date acquired Serial Enumeration / chronology Koha item type
      Journals RRII Library RRII Library Physiology 17/12/2021 Volume nil, Issue 685 Journals